| Registos Bibliográficos associados ao registo de autoridade |
|
Etiqueta de registo: 00875cam 02200229 04500 001 123499 003 http://id.bnportugal.gov.pt/bib/catbnp/123499 005 19981121072400.0 095 ## $aPTBN00129056 100 ## $a19880708d1988 em a0pora0103 ba 101 0# $apor 102 ## $aPT 200 1# $aLicenciamento industrial e ambiente$fVI Jornadas do Ambiente [do] ISEL$gorg. Centro de Estudos de Engenharia Civil do Instituto Superior de Engenharia de
Lisboa... [et al.] 210 #9 $aLisboa$cDirecção Geral da Qualidade do Ambiente,$d[D.L. 1988] 215 ## $a192 p.$cil.$d30 cm 675 ## $a628.5$vBN$zpor$3291379 675 ## $a061.3(469)"1988"$vBN$zpor$3326005 710 12 $aJornadas do Ambiente,$d6,$eAlmada,$f1988$31094618 712 02 $aInstituto Superior de Engenharia de Lisboa.$bCentro de Estudos de Engenharia Civil$4340$3342245 801 #0 $aPT$bBN$gRPC 966 ## $lBN$mFGMON$sS.A. 66406 V.$x1 997 ## $aBIBEOD
Etiqueta de registo: 00000nkm 2200025 450 001 2271319 003 http://id.bnportugal.gov.pt/bib/catbnp/2271319 100 ## $a20260224d1985 m y0pory01030103ba 101 0# $apor 102 ## $aPT 200 1# $a1.as Jornadas de Higiene e Segurança, Instituto Superior de Engenharia de Lisboa,
de 18 a 22 de novembro de 1985$bVisual gráfico]$fSindicato dos Engenheiros Técnicos do Sul 210 #9 $a[Lisboa]$cSindicato dos Engenheiros Técnicos do Sul,$d1985 215 ## $a1 cartaz$ccolor.$d51,5x36 cm 317 ## $aColeção Madeira Luís 710 01 $aJornadas de Higiene e Segurança,$d1,$eInstituto Superior de Engenharia de Lisboa,$f1985$31993690 712 02 $aSindicato dos Engenheiros Técnicos do Sul$316204 712 02 $aInstituto Superior de Engenharia de Lisboa.$bCentro de Estudos de Engenharia Civil$3342245 801 #0 $aPT$bBN$gRPC 966 ## $lBN$mICONOG$sCT. 22036 A.$x3 971 ## $cCaticonografia2$d20260224 995 ## $aPRR2026 $d20260224$iCaticonografia2
|
|
|